000 00556nam a2200157 a 4500
008 120416s1983 ||||||||||||||||| || u
050 _aT 58.6 Bur
100 _aGrudnitski, Gary
245 1 0 _aInformation systems: theory and practice. (3rd ed.)
250 _a3rd ed.
260 _aNew York:
_bJohn Wiley and Sons
_c1983
300 _axvi, 632p. : ill.
350 _a0.00
700 _aBurch, John G
995 _D0.00
_FCBU-MAIN LIBRARY (Kitwe)
_H1
_I0.00
_UAVAILABLE
_ZMain Library Open Access Collection
999 _c46919
_d46919